Responses for Show #2533 - Wednesday, September 13, 1995

Len Krisak game 2.

Contestants

[<< previous game]

John Carver, an attorney from Seattle, Washington

Ann Sultan, a homemaker from Flushing, New York

Len Krisak, an editor from Newton, Massachusetts (whose 1-day cash winnings total $12,200)

[next game >>]

Jeopardy! Round responses

VENOMOUS ANIMALS
SPORTS
COSMETICS & PERFUME
GEOGRAPHY
THE TELEPHONE
"HOT" & "COLD"
    $100 11
an octopus

John
    $100 1
George Foreman

John
    $100 24
rouge (blusher)

Len
    $100 16
Euphrates

Len
    $100 17
(Len: What is a search warrant?)

court order

LenJohn
    $100 6
cold cuts

Ann
    $200 12
(Len: What is a yellow jacket?)

the queen

Len
Triple Stumper
    $200 2
the Braves & Brewers

Len
    $200 25
baby oil

Ann
    $200 18
Tierra del Fuego

Len
    $200 19
a microphone

Len
    $200 7
cold feet

Len
    $300 13
a scorpion

John
    $300 3
the Timberwolves

Len
    $300 26
wax

John
    $300 23
Israel

Ann
    $300 20
(Len: What is an infrared voice?)

a voiceprint

Len
Triple Stumper
    $300 8
hot pants

Len
    $400 14
a cobra

John
    $400 4
Penn State

Len
    $400 29
sunflowers

Ann
    $400 27
Iceland

John
    $400 21
cells

John
    $400 9
Hot Springs

Len
    $500 15
a gila monster

John
    $500 5
a chukker

Len
    $500 30
Lancome

Triple Stumper
    $1,000 28
Newfoundland

John
    $500 22
Gian Carlo Menotti

Triple Stumper
    $500 10
hot & sour soup

Len

Scores at the first commercial break (after clue 15):

Len Ann John
$2,600 $100 $1,400

Scores at the end of the Jeopardy! Round:

Len Ann John
$2,800 $1,000 $3,600

Double Jeopardy! Round responses

FAMOUS ITALIANS
U.S. CITIES
POTENT POTABLES
ART MUSEUMS
OLD NEWS
HALLMARK HALL OF FAME
    $200 1
(Leonardo) da Vinci

Len
    $200 16
Atlanta

Len
    $200 26
pina colada

Len
    $200 18
the Louvre

Len
    $200 11
Notre Dame

John
    $200 6
Jimmy Stewart

Len
    $400 2
Rudolph Valentino

Len
    $400 17
Pittsburgh & Philadelphia

Len
    $400 28
[The end-of-round signal sounds.]

vermouth

John
    $400 19
the Prado

Len
    $400 12
Plato

John
    $400 7
Thomas Hardy

Ann
    $600 3
Charles Atlas

John
    $600 25
Marion

John
    $600 20
the Hermitage

Len
    $600 13
(Len: Who is Leif Erikson?)

Erik the Red

Len
Triple Stumper
    $600 8
James Garner

Ann
    $800 4
Pirandello

Ann
    $800 24
Reno

John
    $800 27
(Len: What is cognac?)

sherry

LenAnn
    $1,200 21
(Alex: We have about a minute left in the round.)

the Hapsburgs

Len
    $800 14
(Ann: What is the Ottoman Empire?)

the Byzantine Empire

AnnJohn
    $800 9
(August) Wilson

John
    $1000 5
Enrico Fermi

Len
    $1000 23
Abilene

Len
    $1000 22
the Uffizi

John
    $1,200 15
the Persian Empire

John
    $1000 10
Arsenic & Old Lace

Ann

Scores at the end of the Double Jeopardy! Round:

Len Ann John
$7,400 $3,800 $10,400

[wagering suggestions for these scores]

Final Jeopardy! Round responses

AMERICAN POETRY
(Alex: Yes, Laughing Water.)
AnnWho is Maud Muller?
$3,700
LenWho is Minehaha?
$7,399
JohnWho is Evangeline
$4,500
Minnehaha

Final scores:

Len Ann John
$14,799 $100 $5,900
2-day champion: $26,999 3rd place: Magnavox TV/VCR + Jeopardy! home game & Tiger electronic game 2nd place: trip on TWA to Hutchinson Island, Florida & stay at Indian River Plantation + Jeopardy! home game & electronic game

Game dynamics:

Coryat scores:

Len Ann John
$7,000 $3,800 $9,700
24 R
(including 1 DD),
5 W
9 R,
1 W
20 R
(including 2 DDs),
0 W

Combined Coryat: $20,500

[game clues] [game scores] [suggest correction]

Game tape date: Unknown
The J! Archive is created by fans, for fans. Scraping, republication, monetization, and malicious use prohibited; this site may use cookies and collect identifying information. See terms. The Jeopardy! game show and all elements thereof, including but not limited to copyright and trademark thereto, are the property of Jeopardy Productions, Inc. and are protected under law. This website is not affiliated with, sponsored by, or operated by Jeopardy Productions, Inc. Join the discussion at JBoard.tv.